00472nam a2200109Ia 4500008004100000050002200041100003100063245014200094260008600236300002800322521001200350140724s9999 xx 000 0 und d aRT 98b.C899 2012 aCrawford, Maria Lourdes L. aIntrinsic factors of motivation and academic performance in core subjects among Southivlle Nursing Students /cMaria Lourdes L. Crawford. aLas Piñas, Philippines :bSouthville International School and Colleges,cc2012. a82 p. :bill. ;c28 cm. aNursing